Presidential Middle Names as First Names - Statistics

General Stats
  • This quiz has been taken 467 times
  • The average score is 6 of 10
Answer Stats
President # Name % Correct
Trump 2,993,730 John
95%
Harrison 348,263 Henry
74%
Adams 26,560 Quincy
73%
Eisenhower 2,872,270 David
72%
Taft 136,623 Howard
66%
Coolidge 142,884 Calvin
48%
Carter 104,670 Earl
39%
Arthur 279,762 Alan
38%
Reagan 26,715 Wilson
36%
Hoover 32,168 Clark
19%
No matching quizzes found
Score Distribution
Percent of People with Each Score
Percentile by Number Answered
Your Score History
You have not taken this quiz